000 00311 a2200133 4500
001 66104
020 _a9788172454340
082 _a297.31 WEN
090 _c38409
_d38409
100 _aTanja Al Hariri Wendel
245 _aSymbols of Islam
260 _aNew Delhi
_bGoodwill Publishing House
300 _a320
942 _acaenust
_k297.31 WEN
999 _c301177
_d301177